00425cam a2200157ua 45000010005000000080039000050400009000440820013000531000024000662450043000902500009001332600060001423000017002026530027002196530021002464274111222n ii |||gr||||Z||||||asm cMAIN a891.45131 aLahori, Manoranjan,11aBodo chuti galpacby Manoranjan Lahori a1st. aGuwahati:bAnundoram Borooah institute of language,994. a146p:c23cm. aAssamese short stories aBodo chuti galpa